000 005430000a22001330004500
100 1 _aTangelder, Johan
245 1 0 _a¿Adora Islam al mismo Dios?
300 _aVol.9, núm.2 (2007), Páginas 132-139
500 _aTraducido con permiso de Outlook, Nov.,2006, Vol. 56, Issue 10
520 _aEl camino de Islam, El Corán, Salvación por obras, el Jesús de Islam, Islam y la trinidad, Jesús y las Escrituras, La diferencia radical entre Islam y el Cristianismo,
650 1 4 _aISLAM-CRISTIANISMO
773 0 _tReforma Siglo 21
942 _cANA
999 _c62671
_d62671